Statistics for 10 Highest Mountain in Bosnia and Herzegovina

Click here to take the quiz!

General Stats

  • This quiz has been taken 200 times
  • The average score is 4 of 10

Answer Stats

Answer% Correct
Maglic
95%
Bjelašnica
79%
Prenj
40%
Zelengora
40%
Treskavica
39%
Čvrsnica
27%
Vran
22%
Volujak
21%
Vranica
18%
Lelija
14%

Score Distribution

Percentile by Number Answered

Percent of People with Each Score

Your Score History

You have not taken this quiz